Лексико-грамматические особенности руководств пользователя к смартфонам (на примере русского и английского языков); Коммуникативные аспекты языка и культуры; Ч. 1
| Parent link: | Коммуникативные аспекты языка и культуры: сборник материалов XV Международной научно-практической конференции студентов и молодых ученых, г. Томск, 19-21 мая 2015 г./ Национальный исследовательский Томский политехнический университет (ТПУ) ; ред. кол. С. А. Песоцкая ; О. А. Казакова ; О. В. Седельникова.— , 2015 Ч. 1.— 2015.— [С. 126-130] |
|---|---|
| 主要作者: | |
| 企業作者: | |
| 其他作者: | |
| 總結: | Заглавие с титульного экрана Цель работы заключается в выявление лексико-грамматических особенностей технической документации (ТД) на материале русскоязычных и англоязычных руководств пользователя к смартфонам. Актуальность определяется важным значением, которое придается в современной лингвистике изучению стилистических особенностей ТД. Был применен сравнительно-сопоставительный метод исследования. В ходе работы были выявлены как лексико-грамматические сходства, так и различия, обусловленные особенностью языковых систем. The main purpose of the article to enucleate lexico-grammatical peculiarities of technical documentation (TD) as exemplified in Russian and English smartphone user guides. The thematic justification is determined by the importance attached in modern linguistics to stylistic features study of TD. The main method used in the article is comparative. In the course of the work it was found lexico-grammatical peculiarities as well as differences due to language system singularity. |
| 語言: | 俄语 |
| 出版: |
2015
|
| 叢編: | Теория и практика перевода |
| 主題: | |
| 在線閱讀: | http://earchive.tpu.ru/handle/11683/18439 http://www.lib.tpu.ru/fulltext/c/2015/C77/V1/031.pdf |
| 格式: | 電子 Book Chapter |
| KOHA link: | https://koha.lib.tpu.ru/cgi-bin/koha/opac-detail.pl?biblionumber=616176 |
MARC
| LEADER | 00000naa2a2200000 4500 | ||
|---|---|---|---|
| 001 | 616176 | ||
| 005 | 20250530153146.0 | ||
| 035 | |a (RuTPU)RU\TPU\conf\14414 | ||
| 035 | |a RU\TPU\conf\14413 | ||
| 090 | |a 616176 | ||
| 100 | |a 20151216d2015 k y0rusy50 ca | ||
| 101 | 0 | |a rus | |
| 102 | |a RU | ||
| 105 | |a y z 101zy | ||
| 135 | |a drcn ---uucaa | ||
| 181 | 0 | |a i | |
| 182 | 0 | |a b | |
| 200 | 1 | |a Лексико-грамматические особенности руководств пользователя к смартфонам (на примере русского и английского языков) |d lexico-grammatical peculiarities of smartphone user guides (evidence from russian and english languages) |f О. В. Кокотова |g науч. рук. Ю. В. Никанорова | |
| 203 | |a Текст |c электронный | ||
| 225 | 1 | |a Теория и практика перевода | |
| 300 | |a Заглавие с титульного экрана | ||
| 320 | |a [Библиогр.: с. 130 (2 назв.)] | ||
| 330 | |a Цель работы заключается в выявление лексико-грамматических особенностей технической документации (ТД) на материале русскоязычных и англоязычных руководств пользователя к смартфонам. Актуальность определяется важным значением, которое придается в современной лингвистике изучению стилистических особенностей ТД. Был применен сравнительно-сопоставительный метод исследования. В ходе работы были выявлены как лексико-грамматические сходства, так и различия, обусловленные особенностью языковых систем. | ||
| 330 | |a The main purpose of the article to enucleate lexico-grammatical peculiarities of technical documentation (TD) as exemplified in Russian and English smartphone user guides. The thematic justification is determined by the importance attached in modern linguistics to stylistic features study of TD. The main method used in the article is comparative. In the course of the work it was found lexico-grammatical peculiarities as well as differences due to language system singularity. | ||
| 337 | |a Adobe Reader | ||
| 461 | 1 | |0 (RuTPU)RU\TPU\conf\14267 |t Коммуникативные аспекты языка и культуры |o сборник материалов XV Международной научно-практической конференции студентов и молодых ученых, г. Томск, 19-21 мая 2015 г. |o в 3 ч. |f Национальный исследовательский Томский политехнический университет (ТПУ) ; ред. кол. С. А. Песоцкая ; О. А. Казакова ; О. В. Седельникова |d 2015 | |
| 463 | 0 | |0 (RuTPU)RU\TPU\conf\14268 |t Ч. 1 |v [С. 126-130] |d 2015 | |
| 510 | 1 | |a lexico-grammatical peculiarities of smartphone user guides (evidence from russian and english languages) |z eng | |
| 610 | 1 | |a труды учёных ТПУ | |
| 610 | 1 | |a электронный ресурс | |
| 610 | 1 | |a лексико-грамматические системы | |
| 610 | 1 | |a термины | |
| 610 | 1 | |a русский язык | |
| 610 | 1 | |a английский язык | |
| 610 | 1 | |a техническая документация | |
| 610 | 1 | |a смартфоны | |
| 700 | 1 | |a Кокотова |b О. В. | |
| 702 | 1 | |a Никанорова |b Ю. В. |c лингвист |c доцент Томского политехнического университета, кандидат филологических наук |f 1975- |g Юлия Владимировна |4 727 | |
| 712 | 0 | 2 | |a Национальный исследовательский Томский политехнический университет |c (2009- ) |9 26305 |
| 801 | 2 | |a RU |b 63413507 |c 20210216 |g RCR | |
| 850 | |a 63413507 | ||
| 856 | 4 | |u http://earchive.tpu.ru/handle/11683/18439 | |
| 856 | 4 | |u http://www.lib.tpu.ru/fulltext/c/2015/C77/V1/031.pdf | |
| 942 | |c BK | ||